1650 1103 1016 1988 1201 1578 1494 1054 1935 1664 1375 1590 1502 1830 1177 1920 1822 1292 1231 1614 1330 1508 1391 1114 1752 1917 1456 1809 1683 1577 1275 1689 1519 1936 1259 1182 1741 1414 1253 1459 1306 1131 1882 1719 1579 1426 1792 1952 1095 1061 1436 1945 1935 1310 1888 1192 1143 1956 1264 1591 1971 1698 1132 1073 1536 1582 1380 1149 1886 1503 1228 1966 1019 1398 1595 1126 1006 1327 1474 1366 1537 1983 1474 1231 1592 1132 1430 1192 1019 1734 1580 1180 1685 1725 1909 1168 1038 1362 1284 BCNSPRNW ULIB Ver.6.0+V

เปลี่ยนเป็นภาษาไทย

Change to English
 แสดงรายละเอียดบรรณานุกรม
  กลับหน้าหลัก

Brief Record : Get Marc (ISO 2709) : E-mail record : QR code < ปิดหน้าต่าง
LEADER : 00000nam 2200000uu 4500
001    13399128960
003     ULIB
008    241110s||||||||th 000 0 tha d
020    ^a9786162852466
050  4 ^aPE1116.M4^bส187
245 00 ^aสนทนา 3 ภาษา ไทย อังกฤษ จีน :^bโต้ตอบอย่างมั่นใจพิชิตงานบริการในโรงพยาบาล = Thai English Mandarin 3 languagesconversations for hospital services /^cเรียบเรียงโดยกองบรรณาธิการ สำนักพิมพ์ทองเกษม
246 31 ^aThai English Mandarin 3 languages conversations forhospital services
250    ^aพิมพ์ครั้งที่ 1
260    ^aกรุงเทพฯ :^bทองเกษม/นานมี,^c2564
300    ^a177 หน้า :^bภาพประกอบ ;^c23 ซม.
490 1  ^aชุดการสื่อสารเพื่อพัฒนาอาชีพ
505 0  ^aUnit 1 ฝ่ายประชาสัมพันธ์โรงพยาบาล -- Unit 2งานเวชระเบียนและคัดกรองผู้ป่วย -- Unit 3 สอบถามประวัติผู้ป่วย --Unit 4 การฉีดยา -- Unit 5 แผนกรังสีวิทยาและห้องปฏิบัติการ -- Unit6 การพักฟื้นในโรงพยาบาลและการเยี่ยมไข้ -- Unit 7 ชำระเงินและรับยา-- Unit 8 แผนกทันตกรรม -- Unit 9 แผนกแพทย์แผนจีน -- Unit 10โคโรนาไวรัส 2019
546    ^aเนื้อหาเป็นภาษาไทย จีน อังกฤษ
650  4 ^aภาษาจีน^xบทสนทนาและวลี^xภาษาไทย
650  4 ^aภาษาอังกฤษ^xบทสนทนาและวลี (สำหรับบุคลากรทางการแพทย์)
650  4 ^aภาษาจีน^xบทสนทนาและวลี (สำหรับบุคลากรทางการแพทย์)
710 2  ^aกองบรรณาธิการ สำนักพิมพ์ทองเกษม
830  0 ^aชุดการสื่อสารเพื่อพัฒนาอาชีพ
945    ^p199^l0^i30375
999    ^aกัณชพร จุลอักษร
รายการนี้ยังไม่มีแท็ก
คุณยังไม่ได้ล็อกอิน คุณสามารถมีกิจกรรมร่วมกับเว็บไซต์ได้ แต่ต้องล็อกอินก่อน ::
  ล็อกอิน

รายการสื่อสารสนเทศ

ลำดับที่ ประเภท เลขเรียก/บาร์โค้ด สถานที่ สถานะ
1. หนังสือสำรอง
หนังสือสำรอง
PE1116.M4 ส187 ฉ.1 
  Barcode: 30375
ห้องสมุดวิทยาเขตนครสวรรค์
►หนังสือทั่วไป:l:General Books
บนชั้น

BibComment


ยังไม่เคยถูกคอมเมนท์

คอมเมนท์ทรัพยากรรายการนี้
  คอมเมนท์: สนทนา 3 ภาษา ไทย..


 Copyright 2026. Bcnsprnw @Library